000 01599nam a2200313 a 4500
001 BRCA_3009
005 20190320204052.0
008 200109s1722----fr-a---###---#000-0#fre-u
041 _afre
044 _afr
084 _a330
_b.L54
_c1722
100 1 _aCervantes Saavedra, Miguel de
_d1547-1616
_9213
245 1 0 _aHistoire de L´Admirable Don Quichotte de la Manche
_cMiguel de Cervantes Saavedra.
260 _aParís
_bLa compagnie des libraires
_c1722
300 _a6 v.
_bil.
_c17 cm.
500 _aContiene : v 1. Primera parte. Advertencia del traductor. Texto. -- v 2. Texto. -- v 3. Segunda parte. Texto. -- v 4. Texto. -- v 5. Primera parte de la continuación por el traductor. -- v 6. Segunda parte de la continuación por el traducción
500 _aEdición : Traduit de l´Espagnol de Michael de de Cervantes. Nouve edition revue corrigee et augmentée
500 _aCopia de la edición de 1713, impresa por los mismos editores, pero inferior en su parte tipográfica y, sobre todo, en la estampación de las láminas que resultan más borrosas. Piel; lomeras decoradas con dorados Lúdovik Osterc
500 _aQM259
546 _aTexto en : francés
650 1 4 _aNovela española
_yÉpoca clásica, 1500-1700
_9215
650 1 4 _aLiteratura española
_yÉpoca clásica, 1500-1700
_9216
650 1 4 _aNovela española
_ySiglo XVII
_9217
650 1 4 _aDon Quijote (Personaje ficticio)
_eNovela
_9218
700 1 _aSaint-Martin, Francois Filleau de
_d1632-1695
_eTrauctor
_98302
740 0 _aEl Ingenioso Hidalgo Don Quijote de la Mancha
902 _aQFM
942 _2lcc
_cB
999 _c2747
_d2747